000 00580nam a2200205Ia 4500
005 20250508165003.0
008 008 250505s9999 xx 000 0 eng d
020 _a978-0-415-99287-9
037 _aTextBook
040 _aFEDL
_beng
_cFEDL
041 _aeng
_2eng
084 _a300.712, PAR/R
_qFEDL
100 _aParker Walter C Ed.
_9779642
245 0 _aSocial studies today: Research and practice
260 _aNew York, USA
_bRoutledge
_c2010
300 _ax,268p.
365 _aGBP
_b23.99
942 _cTB
_h300.712, PAR/R
999 _c1392497
_d1392497